Environmental regulation and food safety : studies of protection and protectionism

Αποθηκεύτηκε σε:
Λεπτομέρειες βιβλιογραφικής εγγραφής
Άλλοι συγγραφείς: Jha, Veena 1959- (Επιμελητής έκδοσης)
Μορφή: Βιβλίο
Γλώσσα:English
Δημοσίευση: Cheltenham, UK : Ottawa, Canada : Edward Elgar, International Development Research Center, c2005
Θέματα:
Ετικέτες: Προσθήκη ετικέτας
Δεν υπάρχουν, Καταχωρήστε ετικέτα πρώτοι!

MARC

LEADER 00000nam a2200000 i 4500
001 1/91527
008 080728s2005 eng d
020 |a 1-84542-512-X 
035 |l 10099214 
040 |a GR-MY-UA  |b gre  |e aacr 
041 0 |a eng 
082 0 |a 382.456413  |2 (22) 
245 1 0 |a Environmental regulation and food safety :  |b studies of protection and protectionism /  |c edited by Veena Jha 
260 |a Cheltenham, UK :   |a Ottawa, Canada :   |b Edward Elgar,   |b International Development Research Center,   |c c2005 
300 |a xi, 232 σ.;  |b εικ.;  |c 24 εκ. 
504 |a Περιέχει βιβλιογραφικές παραπομπές και ευρετήριο 
650 0 0 |a International trade  |x Environmental aspects. 
650 0 0 |a Foreign trade regulation. 
650 0 0 |a Food  |x Safety measures. 
700 1 |a Jha, Veena  |d 1959-  |4 edt 
852 |a INST  |b LESVOS  |e 20080728  |h 382.456413 ENV  |p 005100041874  |q 005100041874  |t BK  |y 0 
901 |a BIBL1-2008-2 
909 |a Λ  |b 151516 
922 |a 1ΕΛΗ  |b 200803  |c ΕΠΕΑΕΚ2/ΤΠ  |d ΠΑΠΑΣΩΤΗΡΙΟΥ 
970 |a ΚΑΡΑ  |b ΓΙΑΣΕΜΗ  |z 2008/07/28